[Event "SVK-chT2D 2122"]
[Site "Slovakia"]
[Date "2021.10.17"]
[Round "2.6"]
[White "Szaszak, Robert"]
[Black "Polak, Dusan"]
[Result "1/2-1/2"]
[WhiteElo "1705"]
[BlackElo "1801"]
[PlyCount "109"]
[EventDate "2021.10.16"]
[EventType "team-tourn"]
[EventRounds "11"]
[EventCountry "SVK"]
[SourceTitle "EXT 2023"]
[Source "ChessBase"]
[SourceDate "2022.10.05"]
[SourceVersion "1"]
[SourceVersionDate "2022.10.05"]
[SourceQuality "1"]
[WhiteTeam "Moldava nad Bodvou"]
[BlackTeam "Poprad LS VD"]
[WhiteTeamCountry "SVK"]
[BlackTeamCountry "SVK"]

1. e4 d6 2. d4 Nf6 3. Nc3 c6 4. Nf3 Qa5 5. Bd2 Qc7 6. h3 e5 7. Bd3 Be7 8. a3 Nbd7 9. Bc4 0-0 10. dxe5 dxe5 11. Qe2 b5 12. Ba2 Nc5 13. 0-0 Be6 14. Bxe6 Nxe6 15. Be3 a5 16. Nd2 Rad8 17. g4 h6 18. Rad1 Rd7 19. Qf3 Bc5 20. h4 Bxe3 21. fxe3 a4 22. Rf2 Qd8 23. Qf5 Nh7 24. Rh2 Qf6 25. Nf3 Rxd1+ 26. Nxd1 g6 27. Qxf6 Nxf6 28. Nxe5 c5 29. Nc3 Rd8 30. Nc6 Rd7 31. Rg2 Kf8 32. g5 hxg5 33. hxg5 Nh7 34. Ne5 Rb7 35. Nf3 b4 36. Nxa4 bxa3 37. bxa3 Ra7 38. Nb6 Rxa3 39. Nd5 Ra4 40. Rg4 Rc4 41. c3 Ra4 42. Nf4 Nxf4 43. Rxf4 Ra3 44. e5 Ke7 45. Rc4 Ra5 46. Kf2 Ke6 47. e4 Nf8 48. Ne1 Nd7 49. Nd3 Nxe5 50. Nxe5 Kxe5 51. Ke3 Kd6 52. Kf4 Ra1 53. Kf3 Rf1+ 54. Kg2 Ra1 55. Kf3 1/2-1/2

[Event "SVK-chT2D 1819"]
[Site "Slovakia"]
[Date "2019.04.06"]
[Round "10.8"]
[White "Polak, Dusan"]
[Black "Sabol, Jan"]
[Result "1/2-1/2"]
[WhiteElo "1780"]
[BlackElo "1869"]
[PlyCount "47"]
[EventDate "2018.10.13"]
[EventType "team-tourn"]
[EventRounds "11"]
[EventCountry "SVK"]
[SourceTitle "EXT 2020"]
[Source "ChessBase"]
[SourceDate "2019.10.17"]
[SourceVersion "1"]
[SourceVersionDate "2019.10.17"]
[SourceQuality "1"]
[WhiteTeam "Poprad LS VD"]
[BlackTeam "Presov Slavia PU"]
[WhiteTeamCountry "SVK"]
[BlackTeamCountry "SVK"]

1. e4 d6 2. d4 Nf6 3. Nc3 g6 4. f3 Bg7 5. Be3 c6 6. Qd2 Nbd7 7. Bc4 e6 8. Bb3 Qa5 9. Bh6 0-0 10. Bxg7 Kxg7 11. g4 e5 12. 0-0-0 c5 13. dxc5 dxc5 14. Kb1 Nb6 15. Bd5 Rd8 16. Qg5 Nbxd5 17. Nxd5 Nxd5 18. exd5 f6 19. Qd2 Qxd2 20. Rxd2 b5 21. b3 c4 22. bxc4 bxc4 23. Ne2 Bb7 24. Nc3 1/2-1/2

[Event "SVK-chT2D 1617"]
[Site "Slovakia"]
[Date "2017.03.12"]
[Round "11.6"]
[White "Mnich, Jozef"]
[Black "Polak, Dusan"]
[Result "1/2-1/2"]
[WhiteElo "2041"]
[BlackElo "1778"]
[PlyCount "106"]
[EventDate "2016.10.08"]
[EventType "team-tourn"]
[EventRounds "11"]
[EventCountry "SVK"]
[SourceTitle "EXT 2019"]
[Source "ChessBase"]
[SourceDate "2018.10.10"]
[SourceVersion "1"]
[SourceVersionDate "2018.10.10"]
[SourceQuality "1"]
[WhiteTeam "Presov Tatran"]
[BlackTeam "Poprad LS VD"]
[WhiteTeamCountry "SVK"]
[BlackTeamCountry "SVK"]

1. d4 f5 2. c4 Nf6 3. Nc3 g6 4. Nf3 Bg7 5. g3 d6 6. Bg2 0-0 7. 0-0 Qe8 8. b4 Ne4 9. Qb3 c5 10. bxc5 dxc5 11. Nd5 Na6 12. e3 g5 13. Rd1 e6 14. Nc3 g4 15. Ne1 cxd4 16. exd4 Nac5 17. Qc2 Nxc3 18. Qxc3 Na4 19. Qc2 e5 20. Ba3 Rf6 21. dxe5 Ra6 22. Bd6 Bxe5 23. Bxe5 Qxe5 24. Rd8+ Kg7 25. Qc1 Nc3 26. Bf1 Ne4 27. Nd3 Qf6 28. Qb2 Rd6 29. Qxf6+ Kxf6 30. Rh8 Kg7 31. Re8 Kf7 32. Rh8 Nf6 33. Re1 Kg7 34. Rxc8 Rxc8 35. Re7+ Kf8 36. Rxb7 Rd7 37. Rb4 Ne4 38. f4 Nd2 39. Ne5 Rd6 40. Bd3 Ne4 41. Bxe4 fxe4 42. Kf2 Kg7 43. Nxg4 Rcd8 44. Rb2 Rd3 45. Ne3 R8d7 46. Ke2 a5 47. Rc2 Ra3 48. g4 Rdd3 49. Nf5+ Kf6 50. Ng3 Re3+ 51. Kd1 Rad3+ 52. Kc1 a4 53. c5 Re1+ 1/2-1/2